Ciudades Llamadas Santiago - Statistics

General Stats
  • This quiz has been taken 65 times
  • The average score is 5 of 16
Answer Stats
Hint Population Answer % Correct
Chile 5.428.590 Santiago de Chile
98%
República Dominicana 691.262 Santiago de los Caballeros
98%
España 96.041 Santiago de Compostela
75%
Cuba 445.399 Santiago de Cuba
51%
Argentina 252.192 Santiago del Estero
34%
Ecuador 2.560.505 Santiago de Guayaquil
26%
Colombia 2.400.000 Santiago de Cali
25%
Nicaragua 2.132.421 Santiago de Managua
21%
Uruguay 1.319.108 San Felipe y Santiago de Montevideo
17%
Venezuela 3.398.578 Santiago de León de Caracas
17%
Guatemala 2.149.107 Santiago de los Caballeros de Guatemala
9%
México 1.200.000 Santiago de Querétaro
9%
Nicaragua 184.041 Santiago de León
8%
Costa Rica 500.315 Santiago de Cartago
6%
Venezuela 317.410 Santiago de los Caballeros de Mérida
6%
Panamá 88.997 Santiago de Veraguas
4%
No matching quizzes found
Score Distribution
Percent of People with Each Score
Percentile by Number Answered
Your Score History
You have not taken this quiz